Résilience et guerre sans nom (notice n° 1642319)

détails MARC
000 -LEADER
fixed length control field 01443cam a2200265 4500500
005 - DATE AND TIME OF LATEST TRANSACTION
control field 20260201130558.0
041 ## - LANGUAGE CODE
Language code of text/sound track or separate title fre
042 ## - AUTHENTICATION CODE
Authentication code dc
100 10 - MAIN ENTRY--PERSONAL NAME
Personal name Erlingsen-Creste, Hélène
Relator term author
245 00 - TITLE STATEMENT
Title Résilience et guerre sans nom
260 ## - PUBLICATION, DISTRIBUTION, ETC.
Date of publication, distribution, etc. 2014.<br/>
500 ## - GENERAL NOTE
General note 71
520 ## - SUMMARY, ETC.
Summary, etc. Fille de militaire de carrière tué au combat, l’auteur a trouvé son chemin de résilience en coécrivant un livre avec le fils d’un combattant algérien, disparu lui aussi au cours du conflit qui a ravagé des familles, de part et d’autre de la Méditerranée, entre 1954 et 1962. Cet article est un plaidoyer pour le rapprochement entre les peuples et l’apaisement des mémoires douloureuses.
520 ## - SUMMARY, ETC.
Summary, etc. Daughter of a career soldier killed in action, the author has found her way of resilience in co-authoring a book with the son of an Algerian combatant, also missing during the conflict that ravaged families of both sides of the Mediterranean between 1954 and 1962. This article is a plea for reconciliation between peoples and healing painful memories.
690 ## - LOCAL SUBJECT ADDED ENTRY--TOPICAL TERM (OCLC, RLIN)
Topical term or geographic name as entry element deuil
690 ## - LOCAL SUBJECT ADDED ENTRY--TOPICAL TERM (OCLC, RLIN)
Topical term or geographic name as entry element enfants
690 ## - LOCAL SUBJECT ADDED ENTRY--TOPICAL TERM (OCLC, RLIN)
Topical term or geographic name as entry element mémoire
690 ## - LOCAL SUBJECT ADDED ENTRY--TOPICAL TERM (OCLC, RLIN)
Topical term or geographic name as entry element résilience
690 ## - LOCAL SUBJECT ADDED ENTRY--TOPICAL TERM (OCLC, RLIN)
Topical term or geographic name as entry element children
690 ## - LOCAL SUBJECT ADDED ENTRY--TOPICAL TERM (OCLC, RLIN)
Topical term or geographic name as entry element memory
690 ## - LOCAL SUBJECT ADDED ENTRY--TOPICAL TERM (OCLC, RLIN)
Topical term or geographic name as entry element mourning
690 ## - LOCAL SUBJECT ADDED ENTRY--TOPICAL TERM (OCLC, RLIN)
Topical term or geographic name as entry element resilience
786 0# - DATA SOURCE ENTRY
Note Le Sociographe | 46 | 2 | 2014-06-01 | p. 57-60 | 1297-6628
856 41 - ELECTRONIC LOCATION AND ACCESS
Uniform Resource Identifier <a href="https://shs.cairn.info/revue-le-sociographe-2014-2-page-57?lang=fr&redirect-ssocas=7080">https://shs.cairn.info/revue-le-sociographe-2014-2-page-57?lang=fr&redirect-ssocas=7080</a>

Pas d'exemplaire disponible.

PLUDOC

PLUDOC est la plateforme unique et centralisée de gestion des bibliothèques physiques et numériques de Guinée administré par le CEDUST. Elle est la plus grande base de données de ressources documentaires pour les Étudiants, Enseignants chercheurs et Chercheurs de Guinée.

Adresse

627 919 101/664 919 101

25 boulevard du commerce
Kaloum, Conakry, Guinée

Réseaux sociaux

Powered by Netsen Group @ 2025